| 000 | 00468nam a2200169Ia 4500 | ||
|---|---|---|---|
| 999 |
_c20727 _d20727 |
||
| 003 | OSt | ||
| 005 | 20200618104757.0 | ||
| 008 | 190216s9999||||xx |||||||||||||| ||und|| | ||
| 020 | _a9780140138368 | ||
| 040 | _coclc | ||
| 082 |
_a954 _bSPE/H |
||
| 100 |
_aSpear, Percival _93023 |
||
| 245 | 0 |
_aA History Of India / _cPercival Spear |
|
| 260 |
_bPenguin Books, _c2000. _aNew Delhi: |
||
| 300 | _a298p | ||
| 942 |
_cBK _2ddc _h954 _iSPE/H _k954 _mSPE/H |
||